01574nam a2200361 a 4500001001000000003000500010005001700015008004100032010001100073011001100084040000900095090001000104100003700114245015900151260004100310500006000351502009900411590004000510590004000550590004000590590004000630650004900670650004300719650003900762650003300801856007000834901000700904942001000911942000600921999001900927952013100946952013501077000113227CHAP20220329144344.0170519s2017 mx a fsm |||||||spa d a109688 a110660 cCHAP aTesis1 aJiménez Antonio, Sonia912681310aEstimación del potencial de captura de carbono del bosque de la Estación Forestal Experimental Zoquiapan /h[En línea]cpor Sonia Jiménez Antonio. aChapingo, Méx. :bEl autor,c2017. aPara ver el contenido del material haga clic en la liga aTesis (Maestro en Ciencias Forestales) -- UACH. Coordinación General de Estudios de posgrado aE8697GMMb05c20170519lUCH01h0908 aE8697GMMb05c20170519lUCH01h0924 aE8697GMMb05c20170522lUCH01h0944 aE8697GMMb05c20170522lUCH01h134614aBosquesxDaños por contaminación.91412014aBosquesxSecuestro de carbono.913230814aCarbonoxEfecto en plantas.91883114aSuelosxCarbón en.9110233 aFinding aiduhttp://10.13.5.2/tesis/sist113227.pdfzTeclea aquí aBK cTESIS n0 c109688d109688 00104054718TESISaBCbBCd2017-05-19fTESISl0oTesisp113229-10r2019-12-31 00:00:00w2019-12-31yTESISzRecien adquirido 00102local4053708TESISaBCbBCcPA_TESISd2017-05-19fTESISl0oTesisp113229-20r2019-12-31 00:00:00tc.2w2019-12-31yTESIS